[Event "Barranquilla Carnaval Cup"]
[Site "Barranquilla"]
[Date "2024.02.03"]
[Round "2"]
[White "Vasquez Garrido, Nuremberg"]
[Black "Viasus, Juan Diego"]
[Result "1-0"]
[WhiteElo "1976"]
[BlackElo "1560"]
[PlyCount "51"]
[EventDate "2024.02.03"]
[EventType "swiss"]
[EventRounds "9"]
[EventCountry "COL"]
[SourceTitle "CB07_2024"]
[SourceDate "2024.02.14"]
[SourceVersion "1"]
[SourceVersionDate "2024.02.14"]
[SourceQuality "1"]

1. d4 Nf6 2. f3 d5 3. e4 dxe4 4. fxe4 Nxe4 5. Nc3 Nxc3 6. bxc3 e6 7. Bc4 Qh4+ 8. Kf1 Bd6 9. Nf3 Qd8 10. Kf2 Nd7 11. Rf1 h6 12. Kg1 0-0 13. Qe2 Nf6 14. Bd2 Bd7 15. Rae1 Rc8 16. Ne5 c5 17. Rxf6 cxd4 18. Bd3 Qxf6 19. Nxd7 Bxh2+ 20. Kxh2 Qh4+ 21. Kg1 dxc3 22. Be3 Rfd8 23. Bf2 Qg5 24. Ne5 Qd2 25. Qe4 f5 26. Qxb7 1-0

[Event "Titled Tuesday intern op 09th Jan Early"]
[Site "Chess.com INT"]
[Date "2024.01.09"]
[Round "2"]
[White "Viasus, Juan Diego"]
[Black "Krstulovic, Alex"]
[Result "0-1"]
[WhiteElo "1560"]
[BlackElo "2414"]
[PlyCount "46"]
[EventDate "2024.01.09"]
[EventType "swiss (blitz)"]
[EventRounds "11"]
[EventCountry "USA"]
[SourceTitle "CB03_2024"]
[SourceDate "2024.01.17"]
[SourceVersion "1"]
[SourceVersionDate "2024.01.17"]
[SourceQuality "1"]

1. Nf3 d5 2. g3 Nc6 3. d4 Bf5 4. Bg2 Nb4 5. Na3 e6 6. c3 Nc6 7. 0-0 Be7 8. Bf4 g5 9. Bd2 h5 10. Re1 Be4 11. Ne5 Bxg2 12. Kxg2 f5 13. Nxc6 bxc6 14. f3 g4 15. f4 Nf6 16. e3 Ne4 17. Nc2 Rb8 18. b4 h4 19. Qe2 hxg3 20. hxg3 Rh3 21. Rh1 Nxg3 22. Qa6 Rb6 23. Qxa7 Nxh1 0-1

[Event "Rivera Huila Hernandez Memorial-B"]
[Site "Rivera Huila"]
[Date "2023.07.23"]
[Round "7"]
[White "Palomares Valencia, Daniel Felipe"]
[Black "Viasus, Juan Diego"]
[Result "1/2-1/2"]
[WhiteElo "1766"]
[BlackElo "1386"]
[PlyCount "35"]
[EventDate "2023.07.20"]
[EventType "swiss"]
[EventRounds "7"]
[EventCountry "COL"]
[SourceTitle "CBM 215 Extra"]
[Source "ChessBase"]
[SourceDate "2023.09.30"]
[SourceVersion "1"]
[SourceVersionDate "2023.09.30"]
[SourceQuality "1"]

1. e4 c5 2. Nf3 Nc6 3. Bb5 g6 4. Bxc6 dxc6 5. 0-0 Bg7 6. c3 Qd3 7. Re1 Bg4 8. Ne5 Bxe5 9. Qxg4 Bg7 10. e5 e6 11. Na3 b5 12. Qe4 Qxe4 13. Rxe4 Ne7 14. d4 cxd4 15. cxd4 0-0 16. Re1 Rfd8 17. Be3 f6 18. f4 1/2-1/2

[Event "Sabaneta op-B 2nd"]
[Site "Sabaneta Antioquia"]
[Date "2023.07.03"]
[Round "9"]
[White "Gomez Zapata, Juan Guillermo"]
[Black "Viasus, Juan Diego"]
[Result "1/2-1/2"]
[WhiteElo "1777"]
[BlackElo "1371"]
[PlyCount "24"]
[EventDate "2023.06.28"]
[EventType "swiss"]
[EventRounds "9"]
[EventCountry "COL"]
[SourceTitle "EXT 2024"]
[Source "ChessBase"]
[SourceDate "2023.10.10"]
[SourceVersion "1"]
[SourceVersionDate "2023.10.10"]
[SourceQuality "1"]

1. d4 Nf6 2. Bf4 c5 3. e3 g6 4. c3 Bg7 5. Be2 0-0 6. Nd2 Nc6 7. g4 d5 8. h4 Re8 9. h5 e5 10. dxe5 Nxe5 11. g5 Ne4 12. hxg6 hxg6 1/2-1/2

[Event "Titled Tuesday intern op 27th Jun Early"]
[Site "Chess.com INT"]
[Date "2023.06.27"]
[Round "4"]
[White "Reprintsev, Alexander"]
[Black "Viasus, Juan Diego"]
[Result "1-0"]
[WhiteElo "2238"]
[BlackElo "1371"]
[PlyCount "75"]
[EventDate "2023.06.27"]
[EventType "swiss (blitz)"]
[EventRounds "11"]
[EventCountry "USA"]
[SourceTitle "EXT 2024"]
[Source "ChessBase"]
[SourceDate "2023.10.10"]
[SourceVersion "1"]
[SourceVersionDate "2023.10.10"]
[SourceQuality "1"]

1. e4 c5 2. b3 Nc6 3. Bb2 d6 4. Bb5 Nf6 5. f3 g6 6. Ne2 Bd7 7. d4 cxd4 8. Nxd4 Bg7 9. Nc3 0-0 10. h4 Rc8 11. h5 Nxd4 12. Qxd4 Bxb5 13. hxg6 hxg6 14. Qxa7 Ba6 15. 0-0-0 Qc7 16. Rd2 Nd7 17. Nd5 Bxb2+ 18. Kxb2 Qd8 19. Qd4 e5 20. Qe3 g5 21. g4 f6 22. Rdh2 Nc5 23. Rh8+ Kf7 24. R1h7+ Ke8 25. f4 exf4 26. Qh3 Rxh8 27. Rxh8+ Kd7 28. Rxd8+ Rxd8 29. Nxf6+ Kc6 30. b4 Na4+ 31. Ka3 Nb6 32. Nd5 Nc4+ 33. Kb3 Ra8 34. a4 Nd2+ 35. Kb2 Nxe4 36. Ne7+ Kd7 37. Qh7 Bc4 38. Nd5+ 1-0

[Event "Titled Tuesday intern op 27th Jun Early"]
[Site "Chess.com INT"]
[Date "2023.06.27"]
[Round "1"]
[White "Viasus, Juan Diego"]
[Black "Martinez Martin, David"]
[Result "0-1"]
[WhiteElo "1371"]
[BlackElo "2385"]
[PlyCount "54"]
[EventDate "2023.06.27"]
[EventType "swiss (blitz)"]
[EventRounds "11"]
[EventCountry "USA"]
[SourceTitle "EXT 2024"]
[Source "ChessBase"]
[SourceDate "2023.10.10"]
[SourceVersion "1"]
[SourceVersionDate "2023.10.10"]
[SourceQuality "1"]

1. c4 g6 2. Nc3 Bg7 3. g3 c5 4. Bg2 Nc6 5. Nf3 e5 6. d3 Nge7 7. 0-0 0-0 8. Bg5 h6 9. Bxe7 Qxe7 10. Nd2 d6 11. a3 a5 12. Nd5 Qd8 13. Rb1 Be6 14. b4 axb4 15. axb4 Bxd5 16. cxd5 Nxb4 17. Nc4 b5 18. Ne3 f5 19. Nc2 Nxc2 20. Qxc2 b4 21. Qc4 Qb6 22. Ra1 Kh7 23. Rfb1 Qb7 24. h4 h5 25. Qb3 Rxa1 26. Rxa1 Ra8 27. Qb2 e4 0-1

[Event "COL-ch"]
[Site "Cartagena"]
[Date "2023.06.11"]
[Round "7"]
[White "Viasus, Juan Diego"]
[Black "Gomez Viana, Duvan Leandro"]
[Result "0-1"]
[WhiteElo "1371"]
[BlackElo "1732"]
[PlyCount "110"]
[EventDate "2023.06.08"]
[EventType "swiss"]
[EventRounds "9"]
[EventCountry "COL"]
[SourceTitle "CBM 215 Extra"]
[Source "ChessBase"]
[SourceDate "2023.09.30"]
[SourceVersion "1"]
[SourceVersionDate "2023.09.30"]
[SourceQuality "1"]

1. d4 Nf6 2. Bf4 d5 3. e3 c5 4. c3 e6 5. Nd2 Nc6 6. Ngf3 Bd6 7. Bg3 Qc7 8. Bb5 cxd4 9. exd4 0-0 10. Qe2 a6 11. Bxc6 bxc6 12. Ne5 Nd7 13. 0-0 f6 14. Nxc6 e5 15. dxe5 fxe5 16. Nb4 Bxb4 17. cxb4 a5 18. Rac1 Qb8 19. b5 Re8 20. Nf3 Qd6 21. Rc6 Qe7 22. Qd1 d4 23. Qb3+ Kh8 24. Re1 Nc5 25. Qc4 Ne6 26. Rxe5 Bd7 27. Bh4 Qf7 28. Rc7 Bxb5 29. Rxf7 Bxc4 30. b3 Bd3 31. h3 Bb1 32. a3 Bc2 33. Rb7 d3 34. Nd2 Nd4 35. Rxe8+ Rxe8 36. Bg5 Re1+ 37. Kh2 h6 38. Bf4 g5 39. Be3 Nf5 40. Rb8+ Kh7 41. Rb7+ Kg6 42. Rb6+ Kf7 43. Nc4 Re2 44. Ne5+ Kg7 45. Rb7+ Kf6 46. Ng4+ Ke6 47. Rb6+ Ke7 48. Bc5+ Kd8 49. Nf6 d2 50. Rb7 d1Q 51. Bb6+ Kc8 52. Rc7+ Kb8 53. Nd7+ Qxd7 54. Rxd7 Bxb3 55. Rd5 Bxd5 0-1

[Event "COL-ch"]
[Site "Cartagena"]
[Date "2023.06.10"]
[Round "6"]
[White "Valle, Efrain"]
[Black "Viasus, Juan Diego"]
[Result "1-0"]
[WhiteElo "1961"]
[BlackElo "1371"]
[PlyCount "49"]
[EventDate "2023.06.08"]
[EventType "swiss"]
[EventRounds "9"]
[EventCountry "COL"]
[SourceTitle "CBM 215 Extra"]
[Source "ChessBase"]
[SourceDate "2023.09.30"]
[SourceVersion "1"]
[SourceVersionDate "2023.09.30"]
[SourceQuality "1"]

1. c4 c5 2. g3 g6 3. Bg2 Bg7 4. Nc3 Nc6 5. Nf3 Nf6 6. 0-0 d5 7. cxd5 Nxd5 8. a3 0-0 9. Qa4 Nxc3 10. dxc3 Qa5 11. Qh4 h5 12. h3 Be6 13. g4 c4 14. Ng5 Rfd8 15. gxh5 gxh5 16. Qxh5 Qe5 17. f4 Qc5+ 18. Kh1 Na5 19. f5 Bd5 20. e4 f6 21. Qh7+ Kf8 22. Ne6+ Bxe6 23. fxe6 Qe5 24. Bh6 Bxh6 25. Qh8# 1-0

[Event "Titled Tuesday intern op 16th May Early"]
[Site "Chess.com INT"]
[Date "2023.05.16"]
[Round "1"]
[White "Viasus, Juan Diego"]
[Black "Dushyant, Sharma"]
[Result "0-1"]
[WhiteElo "1346"]
[BlackElo "2355"]
[PlyCount "42"]
[EventDate "2023.05.16"]
[EventType "swiss (blitz)"]
[EventRounds "11"]
[EventCountry "USA"]
[SourceTitle "CBM 214 Extra"]
[Source "ChessBase"]
[SourceDate "2023.07.31"]
[SourceVersion "1"]
[SourceVersionDate "2023.07.31"]
[SourceQuality "1"]

1. d4 d5 2. Bf4 e6 3. e3 Bd6 4. Bg3 Nf6 5. Nf3 0-0 6. Nbd2 Ne4 7. Nxe4 dxe4 8. Ne5 Nd7 9. c3 Qe7 10. Qc2 f5 11. Be2 Nxe5 12. dxe5 Bc5 13. b4 Bb6 14. 0-0 Bd7 15. f4 Bxe3+ 16. Kh1 a5 17. a3 axb4 18. axb4 h6 19. Qb3 Kh7 20. c4 Bd4 21. Rfd1 Rxa1 0-1

[Event "Titled Tuesday intern op 09th May Early"]
[Site "Chess.com INT"]
[Date "2023.05.09"]
[Round "2"]
[White "Viasus, Juan Diego"]
[Black "Manukyan, Sargis A"]
[Result "0-1"]
[WhiteElo "1346"]
[BlackElo "2158"]
[PlyCount "48"]
[EventDate "2023.05.09"]
[EventType "swiss (blitz)"]
[EventRounds "11"]
[EventCountry "USA"]
[SourceTitle "CBM 214 Extra"]
[Source "ChessBase"]
[SourceDate "2023.07.31"]
[SourceVersion "1"]
[SourceVersionDate "2023.07.31"]
[SourceQuality "1"]

1. d4 d5 2. Bf4 Nf6 3. e3 Bg4 4. Nf3 e6 5. Nbd2 c5 6. c3 Nc6 7. Be2 Bd6 8. Bg3 0-0 9. Ne5 Bxe2 10. Qxe2 Ne4 11. Nxe4 dxe4 12. Qc2 cxd4 13. exd4 f5 14. 0-0 f4 15. Nxc6 bxc6 16. Qxe4 fxg3 17. Qxe6+ Kh8 18. fxg3 Qe7 19. Rxf8+ Rxf8 20. Qxe7 Bxe7 21. Re1 Bg5 22. Re5 Bc1 23. b3 Bd2 24. Rc5 Be3+ 0-1

[Event "Titled Tuesday intern op 02nd May Late"]
[Site "Chess.com INT"]
[Date "2023.05.02"]
[Round "2"]
[White "Todorovic, Bojan"]
[Black "Viasus, Juan Diego"]
[Result "1-0"]
[WhiteElo "2195"]
[BlackElo "1346"]
[PlyCount "29"]
[EventDate "2023.05.02"]
[EventType "swiss (blitz)"]
[EventRounds "11"]
[EventCountry "USA"]
[SourceTitle "EXT 2024"]
[Source "ChessBase"]
[SourceDate "2023.10.10"]
[SourceVersion "1"]
[SourceVersionDate "2023.10.10"]
[SourceQuality "1"]

1. d4 Nf6 2. c4 c5 3. d5 b5 4. cxb5 a6 5. e3 d6 6. Nc3 Nbd7 7. Nf3 g6 8. Be2 Bg7 9. 0-0 0-0 10. a4 Nb6 11. a5 Nbd7 12. b6 Bb7 13. e4 Ng4 14. Nd2 e5 15. Bxg4 1-0

[Event "COL-ch U14"]
[Site "Cartagena"]
[Date "2023.04.14"]
[Round "2"]
[White "Ayala Delgado, Sergio Alejandro"]
[Black "Viasus, Juan Diego"]
[Result "1-0"]
[WhiteElo "1744"]
[BlackElo "1318"]
[PlyCount "75"]
[EventDate "2023.04.13"]
[EventType "swiss"]
[EventRounds "7"]
[EventCountry "COL"]
[SourceTitle "CBM 213 Extra"]
[Source "ChessBase"]
[SourceDate "2023.05.31"]
[SourceVersion "1"]
[SourceVersionDate "2023.05.31"]
[SourceQuality "1"]

1. e4 c5 2. c3 d5 3. exd5 Qxd5 4. d4 cxd4 5. cxd4 Nc6 6. Nf3 Bg4 7. Be2 Nf6 8. Nc3 Qa5 9. d5 Rd8 10. Qb3 Nxd5 11. Qxb7 Ndb4 12. Bb5 Bd7 13. Bf4 Nc2+ 14. Kf1 e5 15. Bxe5 Nxe5 16. Nxe5 Bxb5+ 17. Nxb5 Be7 18. Nc6 Rd7 19. Qb8+ Qd8 20. Nxd8 Rxd8 21. Nc7+ Kf8 22. Ne6+ fxe6 23. Qf4+ Bf6 24. Rc1 Nd4 25. Rc7 e5 26. Qc1 Ne6 27. Rxa7 Bg5 28. Qc2 g6 29. h4 Be7 30. Rh3 Nd4 31. Qc7 Re8 32. Qxe5 Rg8 33. Qxd4 Rg7 34. Rf3+ Kg8 35. Qd5+ Kh8 36. Ra8 Rxa8 37. Qxa8+ Rg8 38. Qa7 1-0

[Event "COL-ch U20"]
[Site "Barranquilla"]
[Date "2022.07.10"]
[Round "8"]
[White "Rivera Fernandez, Fredy Alejandro"]
[Black "Viasus, Juan Diego"]
[Result "1/2-1/2"]
[WhiteElo "1391"]
[BlackElo "1272"]
[PlyCount "70"]
[EventDate "2022.07.06"]
[EventType "swiss"]
[EventRounds "9"]
[EventCountry "COL"]
[SourceTitle "EXT 2023"]
[Source "ChessBase"]
[SourceDate "2022.10.05"]
[SourceVersion "1"]
[SourceVersionDate "2022.10.05"]
[SourceQuality "1"]

1. e4 c5 2. Nf3 Nc6 3. d4 cxd4 4. Nxd4 g6 5. c4 Bg7 6. Be3 Nf6 7. f3 d6 8. Nc3 0-0 9. Be2 Bd7 10. 0-0 a5 11. Ndb5 Rb8 12. Nd5 Nxd5 13. cxd5 Ne5 14. f4 Bxb5 15. Bxb5 Nd7 16. Bxd7 Qxd7 17. Bd4 b5 18. Bxg7 Kxg7 19. Qd4+ Kg8 20. f5 f6 21. Rf3 Rbc8 22. Rg3 Kg7 23. h4 Rc2 24. h5 g5 25. Rxg5+ Kf7 26. Rg3 Rfc8 27. h6 Rg8 28. Rxg8 Kxg8 29. Qd3 Qa7+ 30. Kh2 Qf2 31. Qh3 Rxb2 32. Qg4+ Kf7 33. Rc1 Rc2 34. Qg7+ Ke8 35. Rxc2 Qh4+ 1/2-1/2

[Event "COL-ch U20"]
[Site "Barranquilla"]
[Date "2022.07.06"]
[Round "1"]
[White "Viasus, Juan Diego"]
[Black "Loaiza Cuervo, Santiago"]
[Result "0-1"]
[WhiteElo "1272"]
[BlackElo "1880"]
[PlyCount "58"]
[EventDate "2022.07.06"]
[EventType "swiss"]
[EventRounds "9"]
[EventCountry "COL"]
[SourceTitle "EXT 2023"]
[Source "ChessBase"]
[SourceDate "2022.10.05"]
[SourceVersion "1"]
[SourceVersionDate "2022.10.05"]
[SourceQuality "1"]

1. d4 Nf6 2. Bf4 g6 3. Nc3 Bg7 4. e4 d5 5. e5 Ne4 6. Nxe4 dxe4 7. Qd2 c5 8. Bb5+ Bd7 9. Bxd7+ Nxd7 10. 0-0-0 0-0 11. Bh6 Bxh6 12. Qxh6 Qa5 13. Kb1 Rfd8 14. Ne2 Nb6 15. c3 Qb5 16. Ng3 cxd4 17. cxd4 Rac8 18. Rc1 Qd3+ 19. Ka1 Qxd4 20. h4 Na4 21. Rb1 Rc2 22. Qe3 Rxf2 23. Qxe4 Qxe4 24. Nxe4 Rxg2 25. b3 Rd4 26. bxa4 Rxe4 27. Rxb7 Rxa4 28. Rb2 Rxb2 29. Kxb2 Re4 0-1